La Distinción, criterios y bases sociales del gusto /
El documento presenta un análisis de temas como los títulos de nobleza, la nobleza cultural, la economía, los espacios sociales, transformaciones, los estilos de vida, la producción de bienes, la cultura, la política, las estructuras sociales y la representación de la realidad.
में बचाया:
| मुख्य लेखक: | |
|---|---|
| स्वरूप: | मूलपाठ |
| भाषा: | Spanish |
| प्रकाशित: |
Bogota:
Taurus
1988
|
| विषय: | |
| टैग: |
टैग जोड़ें
कोई टैग नहीं, इस रिकॉर्ड को टैग करने वाले पहले व्यक्ति बनें!
|
MARC
| LEADER | 00000 a a2200000 04500 | ||
|---|---|---|---|
| 001 | 33181 | ||
| 003 | cru CIDCACS/IIS | ||
| 005 | 20230707102052.0 | ||
| 008 | 230508b1988 sp ||||| |||| 00| 0 spa d | ||
| 040 | |c CRAI/IIS | ||
| 090 | |a 02.02.02 B769d | ||
| 100 | |a Bourdieu, Pierre | ||
| 245 | |a La Distinción, criterios y bases sociales del gusto / |c Pierre Bourdieu | ||
| 260 | |a Bogota: |b Taurus |c 1988 | ||
| 300 | |a 593 páginas | ||
| 500 | |a El ítem # 00163 es una fotocopia | ||
| 520 | |a El documento presenta un análisis de temas como los títulos de nobleza, la nobleza cultural, la economía, los espacios sociales, transformaciones, los estilos de vida, la producción de bienes, la cultura, la política, las estructuras sociales y la representación de la realidad. | ||
| 650 | 0 | |9 3691 |a POLITICA | |
| 650 | 0 | |9 24 |a CLASES SOCIALES | |
| 650 | 0 | |9 5165 |a CULTURA POLITICA | |
| 650 | 0 | |9 921 |a ESTILOS DE VIDA | |
| 650 | 0 | |9 143 |a ECONOMIA | |
| 942 | |2 ddc |c LI |h 02.02.02 B769d |i 00160 |6 020202_B769D_00160 | ||
| 999 | |c 13863 |d 13863 | ||
